El crac del 29 / (Record no. 66251)

MARC details
000 -LEADER
campo de control de longitud fija 00701nam a2200241 i 4500
001 - NÚMERO DE CONTROL
campo de control 66251
003 - IDENTIFICADOR DE NÚMERO DE CONTROL
campo de control ES-MaACL
005 - FECHA Y HORA DE LA ÚLTIMA TRANSACCIÓN
campo de control 20250901034333.0
007 - CAMPO FIJO DE DESCRIPCIÓN FÍSICA--INFORMACIÓN GENERAL
campo de control de longitud fija t|
008 - DATOS DE LONGITUD FIJA--INFORMACIÓN GENERAL
campo de control de longitud fija 040129s1983 sp ||||1| spa d
020 ## - NÚMERO INTERNACIONAL ESTÁNDAR DEL LIBRO
Número Internacional Estándar del Libro 84-344-0841-4
100 1# - ENTRADA PRINCIPAL--NOMBRE DE PERSONA
Nombre de persona Galbraith, John Kenneth.
9 (RLIN) 53345
245 13 - MENCIÓN DEL TÍTULO
Título El crac del 29 /
Mención de responsabilidad, etc. John Konneth Galbraith ; traducción castellana de Angel Abad.
250 ## - MENCION DE EDICION
Mención de edición [3ª ed. rev.].
260 ## - PUBLICACIÓN, DISTRIBUCIÓN, ETC.
Lugar de publicación, distribución, etc. Barcelona :
Nombre del editor, distribuidor, etc. Ariel,
Fecha de publicación, distribución, etc. 1983.
300 ## - DESCRIPCIÓN FÍSICA
Extensión 277 p. ;
Dimensiones 18 cm.
490 1# - MENCIÓN DE SERIE
Mención de serie Ariel quincenal ;
Designación de volumen o secuencia 116
500 ## - NOTA GENERAL
Nota general Indice.
700 1# - ENTRADA AGREGADA--NOMBRE PERSONAL
Nombre de persona Abad, Ángel
9 (RLIN) 17894
830 0# - PUNTO DE ACCESO ADICIONAL DE SERIE-TÍTULO UNIFORME
Título uniforme Ariel quincenal ;
Designación de volumen o secuencia 116
9 (RLIN) 180806
852 ## - LOCALIZACIÓN
Ubicación ES-MaACL
Número de control de estantería L-9945
Sublocalización o colección R.111983
Holdings
Estatus retirado Estado de pérdida Estado de daño No para préstamo Biblioteca de origen Biblioteca actual Ubicación en estantería Fecha de adquisición Fuente de adquisición Total de préstamos Signatura topográfica completa Código de barras Visto por última vez Precio de reemplazo Tipo de ítem Koha
        Biblioteca del Ateneo de Madrid Biblioteca del Ateneo de Madrid Depósito 2 17/01/2008     L-9945 1069409 23/02/2023 23/02/2023 Libro impreso